| 000 | 00357nam a22001457a 4500 | ||
|---|---|---|---|
| 003 | SGT | ||
| 020 | _a9788123015163 | ||
| 082 |
_a320.954 _bA08G |
||
| 100 | _aGOPAL, MADAN | ||
| 245 | _aAADHUNIK BHARAT KE NIRMATA: DYAL SINGH MAJITHIYA | ||
| 260 |
_bSUCHNA EVAM PRASARAN MANTRALAYA _c2008 |
||
| 300 | _a147 | ||
| 650 | _aPOLITICAL SCIENCE | ||
| 942 |
_2ddc _cBK |
||
| 999 |
_c28205 _d28205 |
||